[Event "XXIII Tadeusz Gniota Mem"]
[Site "Police POL"]
[Date "2008.07.11"]
[Round "3"]
[White "Rudnicki,M"]
[Black "Blom,M"]
[Result "1-0"]
[WhiteElo "2197"]
[BlackElo "2016"]

1.e4 e6 2.d4 d5 3.Nc3 Nf6 4.e5 Nfd7 5.f4 c5 6.Nf3 Nc6 7.Be3 a6 8.Qd2 b5 9.a3 Qa5
10.Ra2 Qb6 11.Ne2 Na5 12.b3 c4 13.b4 Nc6 14.c3 a5 15.Nc1 Be7 16.g4 Qc7 17.Bh3 f6
18.O-O O-O 19.Ne2 axb4 20.axb4 Bb7 21.Rfa1 Rxa2 22.Rxa2 fxe5 23.dxe5 g5 24.Ned4 gxf4
25.Bxf4 Ncxe5 26.Nxe5 Nxe5 27.Bg3 Bd6 28.Qe3 Qg7 29.Re2 Nf7 30.Nxe6 d4 31.cxd4 Re8
32.Nxg7 Rxe3 33.Rxe3 Bxb4 34.Nf5 c3 35.Re8+ Bf8 36.Ne3 b4 37.Rb8 Be4 38.Bg2 c2
39.Nxc2 Bxc2 40.Bd5 Kg7 41.Rb7 Bg6 42.Be5+ Kg8 43.Rb8  1-0

[Event "FSIM July"]
[Site "Budapest HUN"]
[Date "2008.07.12"]
[Round "8"]
[White "Szalanczy,E"]
[Black "Toth,Li"]
[Result "1-0"]
[WhiteElo "2388"]
[BlackElo "2208"]

1.e4 e6 2.d4 d5 3.Nc3 Nf6 4.e5 Nfd7 5.f4 c5 6.Nf3 Nc6 7.Be3 a6 8.Ne2 b5 9.c3 Qb6
10.g3 cxd4 11.cxd4 f6 12.Kf2 Be7 13.Bh3 fxe5 14.dxe5 Nc5 15.Kg2 Bd7 16.Rc1 Rc8
17.Qg1 Nb4 18.a3 Nbd3 19.b4 Nxc1 20.Qxc1 O-O 21.Qb1 g6 22.Rc1 Rc7 23.Bg4 Rfc8
24.h4 Qb7 25.Bxc5 Bxc5 26.bxc5 Rxc5 27.Rxc5 Rxc5 28.Ned4 Qc8 29.Qb4 Qc7 30.h5 a5
31.Qd2 Qb6 32.hxg6 hxg6 33.Qd3 Kf7 34.Nh4  1-0

[Event "ch-BEL"]
[Site "Eupen BEL"]
[Date "2008.07.13"]
[Round "9"]
[White "Meessen,R"]
[Black "Van Mechelen,J"]
[Result "1/2-1/2"]
[WhiteElo "2287"]
[BlackElo "2269"]

1.e4 e6 2.d4 d5 3.Nc3 Nf6 4.e5 Nfd7 5.f4 c5 6.Nf3 Nc6 7.Be3 cxd4 8.Nxd4 Bc5
9.Qd2 O-O 10.O-O-O Qe7 11.Kb1 f6 12.exf6 Nxf6 13.h3 Bb4 14.Bd3 Bd7 15.a3 Bc5
16.Qf2 Nxd4 17.Bxd4 Bd6 18.Qh4 Ne4 19.Qxe7 Nxc3+ 20.Bxc3 Bxe7 21.g3 a5 22.Be5 b5
23.g4 b4 24.Ka2 Rfc8 25.g5 bxa3 26.bxa3 Ba4 27.Rh2 Rc6 28.Rb1 Bd6 29.Rb7 Bxe5
30.fxe5 Rac8 31.Kb2 R8c7 32.Rb8+ Rc8 33.Rb7 R8c7 34.Rb8+ Rc8 35.Rxc8+ Rxc8
36.Rf2 Rc5 37.Rf4 Bb5 38.Bxb5 Rxb5+ 39.Kc3 Rb1 40.Kd4 Re1 41.h4 g6 42.Rf6 Re4+
43.Kc5 Rxe5 44.Kd6 Re3 45.a4 Re4 46.Rxe6 Kf7 47.Rf6+ Ke8 48.Kxd5 Rxa4 49.c4 Ra1
50.Re6+ Kf7 51.Ra6 a4 52.Ra7+ Kg8 53.c5 a3 54.c6 a2 55.c7 Rd1+ 56.Ke6 Re1+
57.Kd7 Rd1+ 58.Kc6 Rc1+ 59.Kb7 Rb1+ 60.Ka8 Rc1 61.Kb8 Rb1+ 62.Rb7 Rxb7+ 63.Kxb7 a1=Q
64.c8=Q+ Kg7 65.Qd7+ Kg8 66.Qe8+ Kg7 67.Qe7+ Kg8 68.Qe6+ Kg7 69.Qd7+ Kg8
70.Qd5+ Kg7 71.Kc7 Qa7+ 72.Kd8 Qb8+ 73.Kd7 Qf4 74.Qd6  1/2-1/2

[Event "XXIII Tadeusz Gniota Mem"]
[Site "Police POL"]
[Date "2008.07.15"]
[Round "8"]
[White "Graf,Paw"]
[Black "Blom,M"]
[Result "1/2-1/2"]
[WhiteElo "2147"]
[BlackElo "2016"]

1.e4 e6 2.d4 d5 3.Nc3 Nf6 4.e5 Nfd7 5.Nce2 c5 6.c3 Nc6 7.Nf3 b5 8.Nf4 Qb6
9.h4 b4 10.a3 cxd4 11.cxd4 Ba6 12.Be3 Bxf1 13.Kxf1 Na5 14.Nd2 Be7 15.Qg4 g6
16.h5 O-O-O 17.Kg1 Nxe5 18.dxe5 d4 19.axb4 Bxb4 20.Kh2 dxe3 21.Rhc1+ Kb8
22.Nc4 Nxc4 23.Rxc4 Rd4 24.Rxd4 Qxd4 25.fxe3 Qxe5 26.Kh1 Bd6 27.Qd1 Rc8 28.b4 g5
29.Ra5 gxf4 30.Rxe5 Bxe5 31.e4 Rc7 32.Kg1 Bc3 33.Qd3 e5 34.Qd8+ Kb7 35.Qd5+ Kb8
36.Qb5+ Kc8 37.Qe8+ Kb7 38.Qb5+ Kc8 39.Qa6+ Kb8 40.Kh2 Bd4 41.Qh6 f6 42.Qxf6 Kb7
43.b5 Bc3 44.Kh3 Bd4 45.Kg4 Kb8 46.Kf5 Kb7 47.Qa6+ Kb8 48.Qd6 Kb7 49.Qf6 Bc3
50.h6 Bd4 51.Qa6+ Kb8 52.Qd6 Kb7 53.Kf6 Kb8 54.Qd5 Bc3 55.Qg8+ Kb7 56.Qe6 Bd4
57.Qa6+ Kb8 58.Qd6 Kb7 59.Ke6 Kb8 60.Kd5 Kb7 61.Qa6+ Kb8 62.Kd6 Rb7 63.Qa2 Rb6+
64.Kd7 Rb7+ 65.Kd6  1/2-1/2

[Event "Superfinal Chelyabinsk Oblast"]
[Site "Satka RUS"]
[Date "2008.07.15"]
[Round "10"]
[White "Kurnosov,I"]
[Black "Looshnikov,N"]
[Result "1/2-1/2"]
[WhiteElo "2617"]
[BlackElo "2462"]

1.e4 e6 2.Nc3 d5 3.d4 Nf6 4.e5 Nfd7 5.f4 c5 6.Nf3 Nc6 7.Be3 a6 8.Qd2 b5 9.a3 Qb6
10.Ne2 c4 11.g4 h5 12.gxh5 Rxh5 13.Ng3 Rh8 14.f5 exf5 15.Nxf5 Nf6 16.Ng3 Ng4
17.Bf4 Be6 18.Bg2 O-O-O 19.c3 Ne7 20.h3 Nh6 21.Ng5 Bd7 22.O-O f6 23.exf6 gxf6
24.Nf3 Ng6 25.Nh2  1/2-1/2

[Event "Heart of Finland"]
[Site "Jyvaskyla FIN"]
[Date "2008.07.16"]
[Round "7"]
[White "Seppala,A"]
[Black "Penttila,T"]
[Result "0-1"]
[WhiteElo "1955"]
[BlackElo "2055"]

1.e4 e6 2.d4 d5 3.Nc3 Nf6 4.e5 Nfd7 5.f4 c5 6.Nf3 Nc6 7.Be3 a6 8.Qd2 b5 9.a3 Qc7
10.Be2 Bb7 11.O-O cxd4 12.Nxd4 Bc5 13.Rf3 Rc8 14.Rg3 g6 15.Rh3 Qb6 16.Rd1 Nxd4
17.Bxd4 b4 18.axb4 Qxb4 19.Bxc5 Rxc5 20.Qd4 Qxd4+ 21.Rxd4 O-O 22.Ra4 a5 23.Bb5 Nb6
24.Rd4 Rfc8 25.Bd3 Nc4 26.Na4 R5c6 27.b3 Na3 28.c3 Ba6 29.Bxa6 Rxa6 30.f5 gxf5
31.Rdh4 Kf8 32.Rxh7 Ke7 33.R3h6 Rac6 34.Rf6 Rf8 35.b4 axb4 36.cxb4 Nc4 37.b5 Rcc8
38.Rfh6 Nxe5 39.h3 Rc1+ 40.Kf2 Ra8 41.Rh4 f4 42.R7h5 Kd6 43.Rxe5 Kxe5 44.Nb6 Ra2+
45.Kf3 Rc3+ 46.Kg4 Rxg2+ 47.Kh5 f3  0-1

[Event "19th Czech Infinity Open"]
[Site "Pardubice CZE"]
[Date "2008.07.16"]
[Round "7"]
[White "Pukl,R"]
[Black "Kozlov,Ge"]
[Result "1/2-1/2"]
[WhiteElo "1955"]
[BlackElo "2258"]

1.e4 e6 2.d4 d5 3.Nc3 Nf6 4.e5 Nfd7 5.f4 c5 6.Nf3 Nc6 7.Be3 a6 8.Qd2 b5 9.Be2 Qb6
10.dxc5 Bxc5 11.Bxc5 Nxc5 12.Bd3 Bb7 13.Qf2 d4 14.Ne4 Nxd3+ 15.cxd3 Nb4 16.Qd2 Bxe4
17.Qxb4 Bxf3 18.gxf3 a5 19.Qd2 Qb7 20.Kf2 O-O 21.Rac1 Qd5 22.b3 f6 23.Rhe1 Rf7
24.Re4 fxe5 25.Rxe5 Qd6 26.Rcc5 Raf8 27.Kg3 Kh8 28.Rxb5 g5 29.Rxa5 Rxf4 30.Qe2 Qc6
31.Rxg5 Rxf3+ 32.Kh4 R8f4+ 33.Rg4 Re3 34.Rg5 Qc8 35.Qg2 e5 36.Rxf4 exf4 37.Qg4 Qf8
38.Qf5 Qxf5 39.Rxf5 Rxd3 40.Rxf4 Rd2 41.a4 Rxh2+ 42.Kg3 Re2 43.b4 d3 44.Kf3 Rh2
45.Ke3 d2 46.Rd4 Rh4 47.Rd8+ Kg7 48.b5 Rxa4 49.Kxd2 Rb4 50.Rd5 Kg6 51.Kc3 Rb1
52.Rd6+ Kg5 53.b6 h5 54.Rd5+ Kg6 55.Rd6+ Kg5 56.Kc4 h4 57.Rd5+ Kg4 58.Rb5  1/2-1/2

[Event "Ch-AY Boys U18"]
[Site "Tehran IRI"]
[Date "2008.07.16"]
[Round "1"]
[White "Golizadeh,A"]
[Black "Maleki,A"]
[Result "1-0"]
[WhiteElo "2271"]
[BlackElo "2086"]

1.e4 e6 2.d4 d5 3.Nc3 Nf6 4.e5 Nfd7 5.f4 c5 6.Nf3 Nc6 7.Be3 a6 8.Qd2 b5 9.dxc5 Bxc5
10.Bxc5 Nxc5 11.Qf2 Qb6 12.b4 Nd7 13.a4 Qxf2+ 14.Kxf2 bxa4 15.Nxa4 Nxb4 16.Nd4 a5
17.c3 Na6 18.Bb5 O-O 19.Bxd7 Bxd7 20.Nb6 Rad8 21.Rxa5 Nb8 22.Rha1 Rfe8 23.Rc5 f6
24.Ra7 fxe5 25.fxe5 Rf8+ 26.Ke3 Rf7 27.Rcc7 g6  1-0

[Event "19th Czech Chladek & Tintera A Open"]
[Site "Pardubice CZE"]
[Date "2008.07.18"]
[Round "1"]
[White "Arslanov,S"]
[Black "Dobrowolski,P"]
[Result "1/2-1/2"]
[WhiteElo "2228"]
[BlackElo "2426"]

1.e4 e6 2.d4 d5 3.Nc3 Nf6 4.e5 Nfd7 5.f4 c5 6.Nf3 Nc6 7.Be3 Be7 8.Qd2 O-O
9.dxc5 Bxc5 10.Bxc5 Nxc5 11.Bd3 Qb6 12.O-O-O Bd7 13.Kb1 Nb4 14.Be2 Rfc8 15.Nd4 Ne4
16.Nxe4 dxe4 17.c4 Ba4 18.b3 Rd8 19.Qb2 Bc6 20.Qc3 a5 21.a3 Na6 22.Rd2 Nc5
23.Rhd1 Ba4 24.Rb2 Bc6 25.Rbd2 Ba4 26.Rb2 Bc6 27.Rbd2 Ba4  1/2-1/2

[Event "19th Czech Chladek & Tintera A Open"]
[Site "Pardubice CZE"]
[Date "2008.07.18"]
[Round "1"]
[White "Damia,A"]
[Black "Petr,Ma"]
[Result "1/2-1/2"]
[WhiteElo "2247"]
[BlackElo "2451"]

1.e4 e6 2.d4 d5 3.Nc3 Nf6 4.e5 Nfd7 5.Qh5 c5 6.Nf3 g6 7.Qg4 cxd4 8.Nxd4 Nxe5
9.Qg3 Bg7 10.Bf4 Nbc6 11.Nxc6 Nxc6 12.Bd6 a6 13.O-O-O Bf8 14.Bxf8 Kxf8 15.Bc4 Kg7
16.h4 h5 17.Rhe1 Re8 18.f4 Bd7 19.Be2 Ne7 20.Bd3 Rc8 21.Re5 d4 22.Ne2 f6
23.Rxh5 Nf5 24.Rxf5 exf5 25.Nxd4 Rc5 26.Bxf5  1/2-1/2

[Event "ZMD Open"]
[Site "Dresden GER"]
[Date "2008.07.19"]
[Round "1"]
[White "Bobras,P"]
[Black "Becker,Jon"]
[Result "1-0"]
[WhiteElo "2561"]
[BlackElo "1905"]

1.e4 e6 2.d4 d5 3.Nc3 Nf6 4.e5 Nfd7 5.f4 c5 6.Nf3 Nc6 7.Be3 a6 8.Qd2 b5 9.a3 f6
10.exf6 Qxf6 11.g3 cxd4 12.Nxd4 Nxd4 13.Bxd4 Qf7 14.Bg2 Be7 15.O-O Bf6 16.Rae1 Kf8
17.f5  1-0

[Event "19th Czech Chladek & Tintera A Open"]
[Site "Pardubice CZE"]
[Date "2008.07.19"]
[Round "2"]
[White "Blomqvist,E"]
[Black "Alavkin,A"]
[Result "0-1"]
[WhiteElo "2322"]
[BlackElo "2439"]

1.e4 e6 2.d4 d5 3.Nc3 Nf6 4.e5 Nfd7 5.f4 c5 6.Nf3 Nc6 7.Be3 Be7 8.Qd2 O-O
9.g3 b6 10.Bh3 Ba6 11.Ne2 Rc8 12.c3 cxd4 13.Nexd4 Nc5 14.Nxc6 Rxc6 15.O-O-O Bc4
16.Kb1 Ne4 17.Qc2 b5 18.Nd4 Ra6 19.Nb3 Qc7 20.Bg2 Qc6 21.Nc1 Rc8 22.Bd4 b4
23.Bxe4 dxe4 24.b3 Bd3 25.Nxd3 exd3 26.Qxd3 bxc3 27.Rc1 Ba3 28.Bxc3 Bxc1
29.Rxc1 Qb7 30.Rd1 h6 31.Bb2 Rac6 32.f5 exf5 33.Qxf5 Rc5 34.Qg4 h5 35.Qxh5 Qe4+
36.Ka1 Rc2 37.Qg5 Qe2 38.Rb1 Rxb2 39.Rxb2 Qd1+ 40.Rb1 Qd4+ 41.Rb2 Rc2  0-1

[Event "19th Czech Chladek & Tintera A Open"]
[Site "Pardubice CZE"]
[Date "2008.07.20"]
[Round "3"]
[White "Pedersen,Christi"]
[Black "Schlosser,P"]
[Result "1/2-1/2"]
[WhiteElo "2402"]
[BlackElo "2567"]

1.e4 e6 2.d4 d5 3.Nc3 Nf6 4.e5 Nfd7 5.f4 c5 6.Nf3 Nc6 7.Be3 Be7 8.dxc5 O-O
9.Qd2 Bxc5 10.Bxc5 Nxc5 11.O-O-O Qa5 12.Kb1 Bd7 13.Bd3 Rfc8 14.Ne2 Qb6 15.Ned4 Nxd4
16.Nxd4 Na4 17.Nb3 Bb5 18.Rhf1  1/2-1/2

[Event "ZMD Open"]
[Site "Dresden GER"]
[Date "2008.07.21"]
[Round "3"]
[White "Bobras,P"]
[Black "Kotainy,J"]
[Result "1-0"]
[WhiteElo "2561"]
[BlackElo "2112"]

1.e4 e6 2.d4 d5 3.Nc3 Nf6 4.e5 Nfd7 5.f4 c5 6.Nf3 Nc6 7.Be3 Be7 8.Qd2 O-O
9.dxc5 Nxc5 10.O-O-O a6 11.h4 b5 12.Qf2 Nd7 13.Bd3 Qa5 14.Kb1 Rb8 15.Rh3 f6
16.Qe2 fxe5 17.fxe5 Rxf3 18.Qxf3 Ndxe5 19.Qh5 g6 20.Rg3 Bd7 21.Bxg6 hxg6
22.Rxg6+ Nxg6 23.Qxg6+ Kh8 24.Qh6+ Kg8 25.Qg6+ Kh8 26.Rd3 Qc7 27.Qh6+ Kg8
28.Qg6+ Kh8 29.Nxd5 exd5 30.Qh6+ Kg8 31.Qg6+ Kh8 32.Rxd5 Ne5 33.Bd4 Rf8 34.Rxe5  1-0

[Event "1st Open"]
[Site "Paleochora GRE"]
[Date "2008.07.21"]
[Round "1"]
[White "Fontaine,R"]
[Black "Liodakis,K"]
[Result "1-0"]
[WhiteElo "2554"]
[BlackElo "1936"]

1.e4 e6 2.d4 d5 3.Nc3 Nf6 4.e5 Nfd7 5.f4 c5 6.Nf3 Nc6 7.Be3 a6 8.Qd2 b5 9.dxc5 Bxc5
10.Bxc5 Nxc5 11.Qf2 Qb6 12.Bd3 Bb7 13.O-O Nd7 14.Ne2 Qxf2+ 15.Rxf2 Nb6 16.b3 g6
17.Ned4 Ke7 18.g4 h5 19.f5 Nxd4 20.Nxd4 gxf5 21.gxf5 Rag8+ 22.Kh1 Nd7 23.Raf1 Rf8
24.Re1 Rfg8 25.h3 h4 26.Kh2 Rf8 27.Rf4 Nc5 28.Rg1 Bc8 29.b4 Nxd3 30.f6+ Kd7
31.cxd3 Bb7 32.Rg7 Rh5 33.Nf3 Rf5 34.Rxf5 exf5 35.Nd4 f4 36.e6+ Ke8 37.Nf5  1-0

[Event "19th Czech Chladek & Tintera A Open"]
[Site "Pardubice CZE"]
[Date "2008.07.21"]
[Round "4"]
[White "Rojicek,V"]
[Black "Vavrak,P"]
[Result "0-1"]
[WhiteElo "2346"]
[BlackElo "2474"]

1.e4 e6 2.d4 d5 3.Nc3 Nf6 4.e5 Nfd7 5.Nce2 c5 6.f4 cxd4 7.Nxd4 Nc6 8.Ngf3 Bc5
9.c3 Qe7 10.Bd3 f6 11.Qe2 O-O 12.h4 fxe5 13.fxe5 Bxd4 14.cxd4 Rxf3 15.Qxf3 Nxd4
16.Qf2 Nc6 17.Bg5 Qb4+ 18.Bd2 Ndxe5 19.O-O Qe7 20.Bc2 Ng4 21.Qf3 Nge5 22.Qf2 Ng4
23.Qf3 Nge5 24.Qh5 g6 25.Qe2 Qxh4 26.Rf4 Qe7 27.Raf1 Bd7 28.R4f2 Qh4 29.Rf4 Qe7
30.Bb3 Qd6 31.Qf2 Nd3 32.Qh4 Nxf4 33.Bxf4 e5 34.Bh6 Bf5 35.Qg5 Nd4 36.Kh1 Re8
37.Ba4 Rc8 38.Bb3 Re8 39.Ba4 Rc8 40.Bb3 a6 41.Qg3 b5 42.a3 Qe6 43.Ba2 Be4
44.Qh4 Nf5 45.Qxe4 Ng3+  0-1

[Event "Ch-AY Boys U16"]
[Site "Tehran IRI"]
[Date "2008.07.21"]
[Round "9"]
[White "Amanbaev,Islo"]
[Black "Amarasena,K"]
[Result "1-0"]
[WhiteElo "2083"]
[BlackElo "1900"]

1.e4 e6 2.d4 d5 3.Nc3 Nf6 4.e5 Nfd7 5.f4 c5 6.Nf3 Nc6 7.Be3 Be7 8.Be2 O-O
9.O-O f6 10.exf6 Nxf6 11.Kh1 Ng4 12.Bg1 Rxf4 13.dxc5 Rf8 14.Nd4 Nf6 15.Qd3 e5
16.Nf5 Bxf5 17.Qxf5 Qc8 18.Qxc8 Raxc8 19.Nxd5 Nxd5 20.Bc4 Rcd8 21.Rfd1 Rf4
22.Bxd5+ Kf8 23.g3 Rf6 24.c3 Ke8 25.b4 Rh6 26.Be3 Rf6 27.Rd2 h6 28.Re1 Kf8
29.a4 Rg6 30.Kg2 Rf6 31.Red1 Ke8 32.Bxc6+ bxc6 33.Rxd8+ Bxd8 34.b5 Ba5 35.c4 Ke7
36.Rd6 Rxd6 37.cxd6+ Kxd6 38.Bxa7 c5 39.Bb8+ Ke6 40.Kf3  1-0

[Event "19th Czech Chladek & Tintera A Open"]
[Site "Pardubice CZE"]
[Date "2008.07.22"]
[Round "5"]
[White "Bukavshin,I"]
[Black "Kuljasevic,D"]
[Result "1/2-1/2"]
[WhiteElo "2350"]
[BlackElo "2501"]

1.e4 e6 2.d4 d5 3.Nc3 Nf6 4.e5 Nfd7 5.f4 c5 6.Nf3 Nc6 7.Be3 cxd4 8.Nxd4 Bc5
9.Qd2 O-O 10.O-O-O a6 11.h4 Nxd4 12.Bxd4 b5 13.h5 b4 14.Ne2 a5 15.Rh3 Qc7
16.Rg3 Ba6 17.f5 Bxd4 18.Nxd4 Qxe5 19.Re3 Qf4 20.Bxa6 Rxa6 21.fxe6 Nf6 22.exf7+ Rxf7
23.Ne2  1/2-1/2

[Event "19th Czech Chladek & Tintera A Open"]
[Site "Pardubice CZE"]
[Date "2008.07.22"]
[Round "5"]
[White "Grandelius,N"]
[Black "Buhmann,R"]
[Result "1/2-1/2"]
[WhiteElo "2366"]
[BlackElo "2561"]

1.e4 e6 2.d4 d5 3.Nc3 Nf6 4.e5 Nfd7 5.f4 c5 6.Nf3 Nc6 7.Be3 Qb6 8.Na4 Qa5+
9.c3 b6 10.Bd2 c4 11.b4 Nxb4 12.cxb4 Bxb4 13.Bxb4 Qxb4+ 14.Kf2 b5 15.Nc5 Nxc5
16.dxc5 Qxc5+ 17.Qd4 Qxd4+ 18.Nxd4 Bd7 19.a3 Ke7 20.Be2 a5 21.Rhb1 Rab8 22.Ke3 Rb6
23.Kd2 f6 24.h4 Rf8 25.g3 fxe5 26.fxe5 Rf2 27.Rf1 Rg2 28.Rg1 Rxg1 29.Rxg1 Rb8
30.Ra1 Rb6  1/2-1/2

[Event "Dutch Open"]
[Site "Dieren NED"]
[Date "2008.07.23"]
[Round "2"]
[White "Nijboer,F"]
[Black "Wilgenhof,O"]
[Result "1-0"]
[WhiteElo "2564"]
[BlackElo "2218"]

1.e4 e6 2.d4 d5 3.Nc3 Nf6 4.e5 Nfd7 5.f4 c5 6.Nf3 Nc6 7.Be3 a6 8.Qd2 b5 9.Be2 Qb6
10.Nd1 b4 11.c3 a5 12.O-O a4 13.Bf2 Ba6 14.Bxa6 Rxa6 15.f5 bxc3 16.bxc3 cxd4
17.fxe6 fxe6 18.cxd4 Bb4 19.Qf4 Ne7 20.Rb1 Ng6 21.Qc1 Ra8 22.Be1 Ba3 23.Rxb6 Bxc1
24.Rxe6+ Kd8 25.Rd6 Ba3 26.Rxd5 Nf4 27.Rb5 Rf8 28.Ne3 Ne2+ 29.Kh1 Bc1 30.Bh4+ Kc7
31.Re1 Bxe3 32.Rxe2  1-0

[Event "XXVI Andorra Open"]
[Site "La Massana AND"]
[Date "2008.07.23"]
[Round "5"]
[White "De la Riva Aguado,O"]
[Black "Burg,T"]
[Result "1/2-1/2"]
[WhiteElo "2542"]
[BlackElo "2359"]

1.e4 e6 2.d4 d5 3.Nc3 Nf6 4.e5 Nfd7 5.f4 c5 6.Nf3 Nc6 7.Be3 cxd4 8.Nxd4 Bc5
9.Qd2 O-O 10.O-O-O a6 11.h4 Nxd4 12.Bxd4 b5 13.Rh3 Bb7 14.Kb1 Bxd4 15.Qxd4 f6
16.Re3 fxe5 17.fxe5 Qb6 18.Ne2 Rae8 19.g3 Rf5 20.Qxb6 Nxb6 21.Nd4 Rf2 22.b3 Kf7
23.Bh3 Nd7 24.Rc3 Nf8 25.Rdd3 b4 26.Rf3+ Rxf3 27.Rxf3+ Ke7 28.c3 bxc3 29.Rxc3 Rc8
30.Rf3 Bc6 31.Kb2 Bd7 32.Re3 Ng6 33.Bf1 a5 34.Bd3 Nf8 35.Bc2 Be8 36.Rc3 Kd7
37.Bd3 Rxc3 38.Kxc3 Kc7 39.Be2 Kb6 40.Bg4 Bf7 41.a3 Bg8 42.b4 Bf7 43.Kb3 h6
44.Bh3 g6 45.Kc3 Bg8 46.Bg4 Bf7 47.Bh3 Bg8 48.a4 Bf7 49.Bg4 Bg8 50.Bh3 Bf7
51.Bg4 Bg8 52.Bh3  1/2-1/2

[Event "Politiken Cup"]
[Site "Helsingor DEN"]
[Date "2008.07.24"]
[Round "7"]
[White "Rasmussen,U"]
[Black "Andersen,Dani"]
[Result "1-0"]
[WhiteElo "2123"]
[BlackElo "1969"]

1.Nc3 d5 2.e4 e6 3.d4 Nf6 4.e5 Nfd7 5.Nce2 c5 6.c3 Nc6 7.f4 Be7 8.Nf3 O-O
9.g3 f5 10.Bh3 b5 11.Be3 c4 12.g4 g6 13.gxf5 exf5 14.Ng5 Nb6 15.Bg2 Bxg5
16.fxg5 Qd7 17.Nf4 Nd8 18.Qf3 Bb7 19.h4 Ne6 20.h5 Nxf4 21.Bxf4 Kg7 22.hxg6 hxg6
23.e6  1-0

[Event "19th Czech Chladek & Tintera A Open"]
[Site "Pardubice CZE"]
[Date "2008.07.24"]
[Round "7"]
[White "Huschenbeth,N"]
[Black "Kuljasevic,D"]
[Result "1-0"]
[WhiteElo "2414"]
[BlackElo "2501"]

1.e4 e6 2.d4 d5 3.Nc3 Nf6 4.e5 Nfd7 5.f4 c5 6.Nf3 Nc6 7.Be3 Be7 8.Qd2 O-O
9.dxc5 Bxc5 10.Bxc5 Nxc5 11.O-O-O Qa5 12.Kb1 Bd7 13.Bd3 Rac8 14.Ne2 Qb6 15.Ned4 Na5
16.Nb3 Naxb3 17.axb3 a5 18.g4 a4 19.b4 a3 20.bxa3 Ba4 21.Qf2 d4 22.Qxd4 Rfd8
23.Qf2 Bc6 24.Be2 Bd5 25.c4 Qa6 26.Qe3 Be4+ 27.Ka2 Na4 28.Kb3 Bg6 29.Rxd8+ Rxd8
30.Rd1 Ra8 31.Ka2 Nb6 32.Rd4 Qa4 33.Qb3 Qa7 34.Bd3 Na4 35.Bxg6 hxg6 36.Qd3 Qb8
37.Ng5  1-0

[Event "19th Czech Chladek & Tintera A Open"]
[Site "Pardubice CZE"]
[Date "2008.07.24"]
[Round "7"]
[White "Smith,Ax"]
[Black "Schuh,D"]
[Result "1-0"]
[WhiteElo "2427"]
[BlackElo "2311"]

1.e4 e6 2.d4 d5 3.Nc3 Nf6 4.e5 Nfd7 5.f4 c5 6.Nf3 a6 7.Be3 Qb6 8.a3 Nc6 9.dxc5 Bxc5
10.Na4 Qa5+ 11.b4 Qxa4 12.bxc5 f6 13.exf6 Nxf6 14.Bd3 Ng4 15.Bd2 e5 16.c4 Qxd1+
17.Rxd1 e4 18.cxd5 exd3 19.dxc6 O-O 20.O-O bxc6 21.h3 Nf6 22.Ne5 Be6 23.Nxc6 Ne4
24.Bb4 Bb3 25.Rxd3 Bc4 26.Rd4 Bxf1 27.Rxe4 Bb5 28.Ne7+ Kf7 29.c6 Rfe8 30.c7 Bd7
31.Bc5 a5 32.g4 Ra6 33.Rd4 Bc8 34.Rd8 Ra8 35.Nxc8 Rxc8 36.Rd7+ Ke6 37.Rxg7 Kd5
38.Bb6 Ke4 39.Kf2 Kxf4 40.Rxh7  1-0

[Event "19th Czech Chladek & Tintera A Open"]
[Site "Pardubice CZE"]
[Date "2008.07.24"]
[Round "7"]
[White "Vojtek,V"]
[Black "Sumaneev,D"]
[Result "1/2-1/2"]
[WhiteElo "2301"]
[BlackElo "2465"]

1.e4 e6 2.d4 d5 3.Nc3 Nf6 4.e5 Nfd7 5.f4 c5 6.Nf3 a6 7.Be3 Nc6 8.Qd2 b5 9.dxc5 Bxc5
10.Ne2 Qb6 11.Bxc5 Nxc5 12.Ned4 Ne4 13.Qe3 Bb7 14.Bd3 g6 15.O-O h5 16.Rae1 Nxd4
17.Qxd4 Qxd4+ 18.Nxd4 Ke7 19.Ra1 Nc5 20.Kf2 Na4 21.b3 Nc3 22.a3 Rac8 23.Ke3 Rc7
24.g3 Ne4 25.Rg1 Rcc8 26.Rh1 Rc7 27.b4 Nc3 28.h3 Na4 29.Rh2 Nb6 30.h4 Bc8
31.Nb3 Rd8 32.Nd4 Bd7 33.Nb3 Be8 34.Rf2 d4+ 35.Nxd4 Nd5+ 36.Kd2 Nc3 37.Ke3 Nd5+  1/2-1/2

[Event "Politiken Cup"]
[Site "Helsingor DEN"]
[Date "2008.07.25"]
[Round "8"]
[White "Ochsner,B"]
[Black "Storgaard,M"]
[Result "1-0"]
[WhiteElo "1963"]
[BlackElo "2081"]

1.e4 e6 2.d4 d5 3.Nc3 Nf6 4.e5 Nfd7 5.f4 c5 6.Nf3 Nc6 7.Be3 a6 8.Qd2 b5 9.a3 Bb7
10.Ne2 Be7 11.Ng3 Qb6 12.Be2 O-O 13.O-O f6 14.exf6 Nxf6 15.c3 Rac8 16.Kh1 Na5
17.dxc5 Qc7 18.Nd4 Bxc5 19.Nxe6 Bxe3 20.Qxe3 Rfe8 21.f5 Nb3 22.Rad1 Nc5 23.Qxc5 Qxc5
24.Nxc5 Rxc5 25.Bf3 Rc7 26.Rfe1 Rce7 27.Rxe7 Rxe7 28.Kg1 Re5 29.Kf2 Kf7 30.Re1 Nd7
31.Rxe5 Nxe5 32.Be2 Ke7 33.Ke3 g6 34.fxg6 hxg6 35.Nf1 Nd7 36.g3 Nc5 37.b4 Ne4
38.Kd4 Kd6 39.Bd3 Ng5 40.Bxg6 Bc8 41.Ke3 Bh3 42.Nd2 Ne6 43.Nf3 Bg2 44.Nd4  1-0

[Event "XXVI Andorra Open"]
[Site "La Massana AND"]
[Date "2008.07.25"]
[Round "7"]
[White "De la Riva Aguado,O"]
[Black "Serna Lara,S"]
[Result "1-0"]
[WhiteElo "2542"]
[BlackElo "2247"]

1.e4 e6 2.d4 d5 3.Nc3 Nf6 4.e5 Nfd7 5.f4 c5 6.Nf3 Nc6 7.Be3 Qb6 8.Na4 Qa5+
9.c3 b6 10.Bd2 c4 11.b4 Qa6 12.Qc2 b5 13.Nc5 Nxc5 14.dxc5 Qb7 15.a3 Bd7 16.Be2 Be7
17.O-O h5 18.Be3 g6 19.g3 a5 20.Nd4 Nxd4 21.Bxd4 Kd8 22.Qd2 Kc7 23.Qe3 axb4
24.cxb4 Rhe8 25.Rac1 Ra6 26.Bd1 Rea8 27.Rc3 Re8 28.Bc2 Bf8 29.h3 Be7 30.Rf2 Raa8
31.Kf1 Rh8 32.Ke1 Qc8 33.Kd1 Qg8 34.Kc1 Kb7 35.Kb2 Qh7 36.Qe2 Rag8 37.Qd1 Ra8
38.Rcf3 Qg8 39.Qe1 Qe8 40.Rf1 Qg8 41.Qd2 Bc6 42.g4 hxg4 43.hxg4 Rh4 44.f5 gxf5
45.gxf5 Rf8 46.Qf2 exf5 47.Rxf5 Bd7 48.Rxf7 Rxf7 49.Qxf7 Qg5 50.Rg1 Rf4 51.Qxd5+ Bc6
52.Qe6 Qh4 53.Rg7  1-0

[Event "ch-AUT"]
[Site "Leoben AUT"]
[Date "2008.07.26"]
[Round "8"]
[White "Diermair,A"]
[Black "Neubauer,M"]
[Result "1/2-1/2"]
[WhiteElo "2388"]
[BlackElo "2457"]

1.e4 e6 2.d4 d5 3.Nc3 Nf6 4.e5 Nfd7 5.f4 c5 6.Nf3 Nc6 7.Be3 Be7 8.Qd2 O-O
9.dxc5 Bxc5 10.O-O-O Qa5 11.Bxc5 Nxc5 12.Kb1 Bd7 13.h4 Rfc8 14.Nd4 Nxd4 15.Qxd4 Na4
16.Nxa4 Bxa4 17.Bd3 Bb5 18.f5 Bxd3 19.Qxd3 Qc7  1/2-1/2

[Event "CSOB IM CUP"]
[Site "Mlada Boleslav CZE"]
[Date "2008.07.29"]
[Round "3"]
[White "Praznik,N"]
[Black "Urban,Z"]
[Result "1-0"]
[WhiteElo "2378"]
[BlackElo "2130"]

1.e4 e6 2.d4 d5 3.Nc3 Nf6 4.e5 Nfd7 5.Nf3 b6 6.Ne2 Ba6 7.h4 c5 8.c3 Nc6 9.Nf4 Bxf1
10.Kxf1 b5 11.Rh3 Qb6 12.Be3 c4 13.Ng5 Ne7 14.Qh5 g6 15.Qf3 Nf5 16.Nxd5 exd5
17.Qxd5 O-O-O 18.Nxf7 Bg7 19.Bg5 Rdf8 20.Nxh8 Nxe5 21.Re1 Nd3 22.Re6 Qb7
23.Qxb7+ Kxb7 24.g4 Nxd4 25.cxd4 Bxd4 26.Be3 Bxh8 27.b3 c3 28.Ke2 Rd8 29.Bg5 Nc5
30.Bxd8 Nxe6 31.Bg5 Kc6 32.Kd3 Kd5 33.Be3 Bf6 34.g5 Be5 35.Rf3 Nd8 36.Rf8 Nc6
37.a3 Bd6 38.Rh8 a5 39.Rxh7 b4 40.axb4 axb4 41.f4 Na5 42.h5 gxh5 43.g6  1-0

[Event "13th Pannonia Cup"]
[Site "Balatonalmadi HUN"]
[Date "2008.07.31"]
[Round "2"]
[White "Kimpinsky,F"]
[Black "Nagy,Z2"]
[Result "1-0"]
[WhiteElo "2242"]
[BlackElo "1979"]

1.e4 e6 2.d4 d5 3.Nc3 Nf6 4.e5 Nfd7 5.Nf3 c5 6.Bg5 Qb6 7.dxc5 Qa5 8.a3 a6
9.b4 Qc7 10.Nxd5 exd5 11.Qxd5 Qc6 12.Bc4 Qxd5 13.Bxd5 h6 14.Bf4 Nc6 15.O-O g5
16.Bg3 Be7 17.Rfe1 Nf8 18.c4 Ne6 19.Nd2 Bd7 20.Ne4 Kf8 21.h3 Rb8 22.Nf6 Rd8
23.Red1 Bc8 24.Rd2 Kg7 25.Rad1 h5 26.Ne4 Rhg8 27.f3 Kg6 28.Nd6 Kg7 29.Rb2 Rgf8
30.b5 axb5 31.cxb5 Ncd4 32.Bf2 Bxd6 33.exd6 Nf5 34.Be4 Nh6 35.c6 f5 36.cxb7 Bd7
37.Bc6 Rf7 38.Ba7  1-0

[Event "13th Pannonia Cup"]
[Site "Balatonalmadi HUN"]
[Date "2008.07.31"]
[Round "3"]
[White "Forgacs,At"]
[Black "Szelenyi,N"]
[Result "1/2-1/2"]
[WhiteElo "2197"]
[BlackElo "2373"]

1.e4 e6 2.d4 d5 3.Nc3 Nf6 4.e5 Nfd7 5.Nce2 c5 6.c3 b5 7.a3 Nc6 8.f4 g6 9.Nf3 h5
10.dxc5 Bxc5 11.b4 Bb6 12.Ned4 Nxd4 13.cxd4 a6 14.Bd3 Ba7 15.O-O Nb6 16.Qc2 Rg8
17.Kh1 Nc4 18.a4 Bd7 19.axb5 axb5 20.Qf2 Bb6 21.Bb2 Ra4 22.Ng5 Rxa1 23.Rxa1 Nxe5
24.fxe5 Qxg5 25.Ra8+ Bd8 26.h4 Qe7 27.Bc1 Bc6 28.Bg5 Bxa8 29.Bxe7 Bxe7 30.Qc2 Kf8
31.Bxb5 Kg7 32.Qf2 Bxb4 33.Qf6+ Kf8 34.Qd8+ Kg7 35.Qf6+ Kf8 36.Qd8+ Kg7 37.Be8 Rf8
38.Qxa8 Bc3 39.Qa4 Bxd4 40.Qxd4 Rxe8 41.Kh2 Rc8 42.Qf4 Rc4 43.Qf6+ Kg8 44.Kg3 Re4
45.Kf3 Rc4 46.g3 Re4 47.Kf2 Rg4 48.Ke3 Re4+ 49.Kd3 Rg4 50.Ke3 Re4+ 51.Kf3 Rg4
52.Qd8+ Kg7 53.Qf6+ Kg8  1/2-1/2

[Event "Dutch Open"]
[Site "Dieren NED"]
[Date "2008.07.31"]
[Round "9"]
[White "Ootes,Le"]
[Black "Van Vliet,D"]
[Result "1-0"]
[WhiteElo "2064"]
[BlackElo "2116"]

1.e4 e6 2.d4 d5 3.Nc3 Nf6 4.e5 Nfd7 5.f4 c5 6.Nf3 Nc6 7.Be3 a6 8.Qd2 cxd4
9.Nxd4 Bc5 10.O-O-O O-O 11.Qf2 Bxd4 12.Bxd4 b5 13.Be3 b4 14.Na4 Qc7 15.Kb1 a5
16.h4 Ba6 17.Bxa6 Rxa6 18.Rh3 Rc8 19.Qe2 Ncb8 20.h5 Qc4 21.Qf2 Rac6 22.Rc1 Na6
23.g4 Qe4 24.Rh2 b3 25.axb3 Nb4 26.Nc3 Rxc3 27.bxc3 Rxc3 28.Bd4 Rf3 29.Qe2 Rxb3+
30.Bb2 Re3 31.Qb5 Nf8 32.Qxa5 Qxf4 33.Rd2 Re4 34.Rg2 Rc4 35.Qa8 Qe4 36.Rf2 Rc7
37.g5 Qe3 38.Rcf1 Qe4 39.Rc1 Qg4 40.g6 hxg6 41.hxg6 Qxg6 42.Rh2 f6 43.Rh8+ Kxh8
44.Qxf8+ Kh7 45.Rh1+ Qh6 46.Rxh6+ Kxh6 47.Qxb4  1-0